A memorial to Valparaíso
Gardado en:
| Main Authors: | , |
|---|---|
| Formato: | Libro |
| Idioma: | inglés |
| Publicado: |
Santiago
RIL Editores
2005
|
| Edición: | 1a. ed |
| Subjects: | |
| Acceso en liña: | portada |
| Tags: |
Engadir etiqueta
Sen Etiquetas, Sexa o primeiro en etiquetar este rexistro!
|
MARC
| LEADER | 00000nam a2200000 a 4500 | ||
|---|---|---|---|
| 001 | UCJ8858 | ||
| 003 | CL-VaPUC | ||
| 008 | 070124e20051200CL |||||||||||||||||eng|d | ||
| 020 | |a 9562844641 | ||
| 082 | 0 | 4 | |a Ch863 |b CAL |2 21 |
| 100 | 0 | |a Calderón Squadritto, Alfonso |e author |9 461713 | |
| 700 | 0 | |a Schlotfeldt, Marilis |e author |9 518381 | |
| 245 | 1 | 2 | |a A memorial to Valparaíso |
| 250 | |a 1a. ed | ||
| 300 | |a 192 p | ||
| 942 | |c BK | ||
| 945 | |d 20070124 00:00:00 |a fvergara | ||
| 260 | |a Santiago |b RIL Editores |c 2005 | ||
| 500 | |a Contiene fotografías y dibujos de la ciudad | ||
| 600 | 0 | 7 | |a DARIO, RUBEN |2 CL-VaPUC |9 268402 |
| 600 | 0 | 7 | |a CASTILLO SAN JOSE |2 CL-VaPUC |9 518382 |
| 600 | 0 | 7 | |a CASA DE LUKAS |2 CL-VaPUC |9 518383 |
| 650 | 0 | |a Literatura |9 259151 | |
| 650 | 7 | |a MEMORIAS |2 CL-VaPUC |9 269159 | |
| 650 | 7 | |a CRONICAS |2 CL-VaPUC |9 336724 | |
| 650 | 0 | |a Historia local |9 266584 | |
| 651 | 7 | |a CERRO ALEGRE |2 CL-VaPUC |9 487829 | |
| 651 | 0 | |a Valparaíso, Chile |9 261144 | |
| 856 | 7 | |f UCJ8858_01.jpg |u http://opac.pucv.cl/pucv_img/Img-8500/UCJ8858_01.jpg |q JEPG |2 file |z portada | |
| 583 | |a last modification |c 20070124 00:00:00 |k Rodrigo Vera | ||
| 999 | |c 324507 |d 324505 | ||
| 952 | |0 0 |1 0 |4 0 |6 CH_863_000000000000000_CAL_2005 |7 0 |8 X |9 404752 |a FDOBUD |b FDOBUD |d 2019-11-22 |i 1085018 |o Ch863 CAL 2005 |p 1085018 |r 2019-11-22 |w 2019-11-22 |y BK_X |k BUD | ||